Central Library OPAC University of Rajshahi

Prevalence of Psychotic Disorders of Males and Females at different stages of life span / (Record no. 79373)

MARC details
000 -LEADER
fixed length control field 01051nam a2200289 a 4500
001 - CONTROL NUMBER
RUCL Control Number 79373
003 - CONTROL NUMBER IDENTIFIER
rucl marc code BD-RjUL
005 - DATE AND TIME OF LATEST TRANSACTION
control field 20220418152104.0
008 - FIXED-LENGTH DATA ELEMENTS--GENERAL INFORMATION
fixed length control field 220214s2013 bg a|||| m||| 00| 0 eng d
035 ## - SYSTEM CONTROL NUMBER
system control number (BD-RjUL)79373
040 ## - CATALOGING SOURCE
Original cataloging agency BD-RjUL
Language of cataloging eng
Transcribing agency BD-RjUL
Modifying agency BD-RjUL
041 ## - LANGUAGE CODE
Language code of Book eng
082 ## - DEWEY DECIMAL CLASSIFICATION NUMBER
Classification number 616.89
Author mark and Year BIP 2013
DDC Edition number 23
100 ## - MAIN ENTRY--PERSONAL NAME
Personal name Biswas, Tanmay Prakash
9 (RLIN) 1315
245 ## - TITLE STATEMENT
Title Prevalence of Psychotic Disorders of Males and Females at different stages of life span /
Statement of responsibility, etc By Tanmay Prakash Biswas ;
Name of Supervisor/Co-Supervisor Supervisor: Md. Abdul Latif
260 ## - PUBLICATION, DISTRIBUTION, ETC. (IMPRINT)
Place of publication, distribution, etc Rajshahi :
Name of publisher, distributor, etc Department of Psychology, University of Rajshahi,
Date of publication, distribution, etc 2013
300 ## - PHYSICAL DESCRIPTION
Pagination ix, Leaves 88 :
Other physical details ill. ;
Dimensions 30 cm.
502 ## - DISSERTATION NOTE
Dissertation note Thesis (Ph. D.) -- Department of Psychology, University of Rajshahi, 2013
504 ## - BIBLIOGRAPHY, ETC. NOTE
Bibliography, etc Bibliography : Leaves 86 - 88
600 ## - SUBJECT ADDED ENTRY--PERSONAL NAME
General subdivision
-- 2542
650 ## - SUBJECT ADDED ENTRY--TOPICAL TERM
Topical term or geographic name as entry element People with mental disabilities
9 (RLIN) 2539
Topical term or geographic name as entry element Schizophrenia
9 (RLIN) 2540
Topical term or geographic name as entry element Psychiatry.
9 (RLIN) 1316
Topical term or geographic name as entry element Psychotherapy.
9 (RLIN) 2541
700 ## - ADDED ENTRY--SUPERVISOR/CO-SUPERVISOR NAME
Personal name Latif, Md. Abdul, Supervisor
942 ## - ADDED ENTRY ELEMENTS (KOHA)
Source of classification or shelving scheme Dewey Decimal Classification
Koha item type Theses
Holdings
Source of classification or shelving scheme Damaged status Not for loan Collection code Permanent Location Current Location Shelving location Date of accession Source of acquisition Full call number Barcode Date last seen Copy number Thesis
Dewey Decimal Classification   Not For Loan Theses Central Library, University of Rajshahi Central Library, University of Rajshahi Documentation Section 16/04/2016 Controller of Exam., R.U. THE 616.89 BIP 2013 D3899 14/02/2022 C-1 Theses